000 01262cab a22002415a 4500
001 L145418
008 081006s2008 xxkd f 000 0 eng d
035 _a(Sirsi) u145418
041 0 _aeng
100 1 _aFalconer, Heather
245 0 0 _aGoodbye greenwash?
260 _c2008
490 _aFacilities Management
_v15 (12) September 2008, 15-17 (3)
520 _aDevelops how to improve the sustainability of UK current buildings. Shows that their energy efficiency requires in-depth analysis and specific measures. Suggests that they should include systematically measuring energy performance of current buildings, educating landlords as well as introducing fiscal and regulatory incentives. Concludes that before any important expenditure, maintenance and check of efficiency of current building services such as cooling and heating plant are necessary. Liste the Urban Development Group's recommandations.
590 _aKA
650 2 4 _aENERGY PERFORMANCE CERTIFICATES
650 2 4 _aDISPLAY ENERGY CERTIFICATE
650 2 4 _aENHANCED CAPITAL ALLOWANCE SCHEME
651 4 _aUnited Kingdom
_y
690 _aBUILT ENVIRONMENT-SUSTAINABLE CONSTRUCTION
690 _aENVIRONMENTAL AND LAND CONSULTANCY-ENERGY-ENERGY USE-ENERGY EFFICIENCY
942 _n0
999 _c80804
_d80804